000 01773nam0a2200337 i 4500
001 RU\NLR\bibl\2000244
005 20240921180250.0
010 _a9785757907169
010 _a978-5-7579-1736-8
_9500
021 _aRU
_b2013-1715
_9110
035 _a(NLR Aleph) 001988985
090 _a4197709
_c4197709
100 _a20130213d2012 u y0rusy50 ca
101 0 _arus
102 _aRU
105 _aa |||||||||
200 1 _aПростейшие понятия элементарной математики
_eучебное пособие
_eдля студентов технических вузов
_gМ-во образования и науки Рос. Федерации, Федер. гос. бюджет. образоват. учреждение высш. проф. образования "Казан. нац. исслед. техн. ун-т им. А.Н. Туполева - КАИ"
205 _aИзд. 4-е, перераб. и доп.
210 _aКазань
_cИзд-во Казанского государственного технического университета
_d2012
215 _a86, [2] с.
_cил.
_d14
313 _aПо номеру записи 1024168
606 1 _aМатематика
_jУчебные издания для высших учебных заведений
_9922118
_3RU\NLR\auth\6619329
686 _aВ10я73-1
700 1 _4070
_7ca
_8rus
_aГараев
_bК. Г.
_f1944-
_gКавас Гараевич
_9163922
_3RU\NLR\AUTH\770163966
701 1 _4070
_7ca
_8rus
_aИсхаков
_bЭ. М.
_gЭнгель Мухамедович
_9163929
_3RU\NLR\AUTH\770163973
801 0 _aRU
_bNLR
_c20130213
_gRCR
801 1 _aRU
_bNLR
_c20130213
830 _aпо кн
942 _cBOOK
980 _aNBR